| 000 | 00689nam a2200241Ia 4500 | ||
|---|---|---|---|
| 003 | LK-CoDNM | ||
| 005 | 20241128110607.0 | ||
| 008 | 010623t xxu||||| |||| 00| 1 sin d | ||
| 040 |
_aLK-CoDNM _dLK-CoDNM _eLK-CoDNM |
||
| 041 | _asin | ||
| 080 |
_ax 294.3:726.9 _bGNO |
||
| 100 | _aඤාණොභාස ස්ථවිර | ||
| 245 | _aබොදු පුබුදුව-1980 | ||
| 246 | _aBodu Pubuduwa | ||
| 260 |
_bවිජයානන්ද මහා විහාරස්ථ සභාව _aගාල්ල _c1980 |
||
| 300 | _b190p. : ill ; 21 cm | ||
| 650 | _aDaham | ||
| 650 | _aOlcott | ||
| 650 | _aPirivena | ||
| 650 | _a1980 | ||
| 650 | _aBuddhism | ||
| 942 | _cBK | ||
| 999 |
_c139894 _d139894 |
||